Music Quiz

Random Music or Song Quiz

Sarcastic Answers to Song Questions Quiz Stats

 Plays Quiz Updated Nov 26, 2012

Challenge
Share
Tweet
Embed
Score 0/22 Timer 06:00
0 Plays Today
'Snappy' Answer Stupid Question % Correct
Actually, she's usually staying in with himIs She Really Going Out With Him?
46.3%
After the cowgirls (or the girl cows, I can't remember)Where Have All The Cowboys Gone?
41.8%
Probably not, but they may know when it's RamadanDo They Know It's Christmas?
37.7%
It's Rihanna. Just how much did you have to drink?What's My Name?
36.1%
I don't love you todayWill You Love Me Tomorrow?
33.5%
Yes, but I have a thing for geriatricsDa Ya Think I'm Sexy?
32%
I live in Seattle. What do you think?Have You Ever Seen The Rain?
32%
Nothing much, chauvinist pigWhat's New Pussycat?
28.7%
Because, unlike my enemies, I can choose my friendsWhy Can't We Be Friends?
21.7%
Either Mormons or JW's. I can't see the pamphletsWho Can It Be Now?
19.5%
Only everybody with a watch or a cell phoneDoes Anybody Really Know What Time It Is? (Clue credit - Hibernia)
18.6%
'Snappy' Answer Stupid Question % Correct
Stevie, shouldn't you be saying 'Is ______ _______'?Isn't She Lovely?
16.1%
What gave it away? My Hogwarts underwear?Do You Believe In Magic?
14.7%
The same place as your hygiene and sense of decencyWhere Did Our Love Go?
12.4%
As soon as you stop whining about itWhen Will I Be Loved?
11.4%
Yeah, but you're this nobodyAre You That Somebody?
8.8%
Never mind that. What about the big game?What About Love?
8.7%
Because I'm a groupie and you're in the band, that's whyWhy Can't This Be Love?
7.9%
Staples doesn't have enough paper for me to make the complete listWhat Have I Done To Deserve This?
4.3%
Only when you're talking to meWould I Lie To You?
3.5%
In the body of Dr Frankenstein's monsterWhere Does My Heart Beat Now?
3.2%
Only when you're talking to meDo You Sleep?
1.6%

You're not logged in!

Compare scores with friends on all Sporcle quizzes.
OR
Log In

You Might Also Like...

Show Comments

Extras

Top Quizzes Today


Score Distribution

Your Account Isn't Verified!

In order to create a playlist on Sporcle, you need to verify the email address you used during registration. Go to your Sporcle Settings to finish the process.

Report this User

Report this user for behavior that violates our Community Guidelines.

Details: